000 00401nam a2200169Ia 4500
005 20250509060019.0
008 240331s9999 xx 000 0 und d
082 _bSUL
_a891
100 _aSulachana, T
245 0 _aPennin vidiyalai nokki
260 _aChennai
_bManimegalai prasooram
_c2007
300 _a240 p .,
650 _aPoems
650 _aArticles
650 _aShort Stories
942 _cL
999 _c4302
_d4302